Statystyki dla Wyświetlenia rapera

Kliknij tutaj aby rozwiązać quiz!

Ogólne statystyki

  • Ten quiz został rozwiązany 183 razy
  • Średni wynik to 10 z 20

Statystyki odpowiedzi

ZagadnienieOdpowiedź% Poprawnych
Quebonafide >1,2mldTak
73%
GUZIOR >200mlnTak
73%
SZPAKU >1mldNie
61%
Otsochodzi >500mlnNie
59%
Lanek <300mlnNie
56%
Sokół >500mlnNie
56%
Sarius <300mlnNie
52%
Bedoes > 1mldNie
50%
Paluch >1,3mldTak
50%
White 2115 <500mlnTak
49%
Białas <500mlnTak
46%
ReTo > 1,2mldNie
43%
kartky >250mlnTak
42%
Malik Montana >750mlnNie
38%
Taco Hemingway >1,3mldNie
38%
Tymek >1mldNie
38%
Multi >300Nie
38%
Young IGI >500mlnNie
36%
Smolasty >300mlnNie
34%
Żabson >500mlnNie
25%

Rozkład punktacji

Percentyl według liczby udzielonych odpowiedzi

Procent ludzi z każdym wynikiem

Twoja historia wyników

Nie rozwiązałeś tego quizu